Egy jogfilozófus professzor pályaképe Moór Gyula Szegeden
Elmentve itt :
| Szerző: | |
|---|---|
| További közreműködők: | |
| Adatforrás: | Philobibl |
| Forrásdokumentuma: | Szeged 1992:8. 6. p. |
| Dokumentumtípus: | Cikk |
| Nyelv: | magyar |
| Kulcsszavak: | jogfilozófia |
| LEADER | 00366nab a2200121 c 4500 | ||
|---|---|---|---|
| 001 | bibPHI0036341 | ||
| 005 | 20200924123632.3 | ||
| 008 | 091228s1992 hu hun | ||
| 100 | 1 | |a Szabadfalvi József | |
| 245 | 1 | 4 | |a Egy jogfilozófus professzor pályaképe |b Moór Gyula Szegeden |c Szabadfalvi József |
| 695 | |a jogfilozófia | ||
| 700 | 1 | |a Moór Gyula | |
| 773 | 0 | |t Szeged |g 1992:8. 6. p. | |